A- Level reading stage 2

שמור ב:
מידע ביבליוגרפי
מחבר תאגידי: Pedagogical university of DongThap
פורמט: ספר
שפה:English
יצא לאור: DongThap [kxd] [kxd]
נושאים:
תגים: הוספת תג
אין תגיות, היה/י הראשונ/ה לתייג את הרשומה!
Thư viện lưu trữ: Trung tâm Học liệu Lê Vũ Hùng, Trường Đại học Đồng Tháp
LEADER 00648pam a22002178a 4500
001 00025980
005 20171026081023.0
008 110812s[kxd ||||||engsd
041 0 # |a eng 
082 1 4 |a 428  |b A100L 
110 1 # |a Pedagogical university of DongThap 
245 0 0 |a A- Level reading stage 2 
260 # # |a DongThap  |b [kxd]  |c [kxd] 
300 # # |a 45p.  |c 27cm. 
653 # # |a chứng chỉ 
653 # # |a tiếng anh 
852 # # |b Kho giáo trình  |j KGT.0027996 
852 # # |b Kho mượn  |j KGT.0027996 
852 # # |j KGT.0027996 
910 |d 12/08/2011 
980 # # |a Trung tâm Học liệu Lê Vũ Hùng, Trường Đại học Đồng Tháp